| 000 | 01020cam a2200289 a 4500 | ||
|---|---|---|---|
| 001 | 2596386 | ||
| 003 | ARRUPE | ||
| 005 | 20150114125934.0 | ||
| 008 | 970131s1997 nyua b 001 0 eng | ||
| 010 | _a 97006171 | ||
| 020 | _a0713990619 (alk. paper) | ||
| 040 |
_aDLC _cDLC _dDLC |
||
| 050 | 0 | 0 |
_aQC6.4.R42 _bD48 1997 |
| 082 | 0 | 0 |
_a530/.01 _221 |
| 100 | 1 |
_aDeutsch, David, _d1953- _913907 |
|
| 245 | 1 | 4 |
_aThe fabric of reality : _bthe science of parallel universes-- and its implications / _cDavid Deutsch. |
| 260 |
_aNew York : _bAllen Lane, _cc1997. |
||
| 300 |
_ax, 390 p. : _bill. ; _c24 cm. |
||
| 504 | _aIncludes bibliographical references (p. 367-[369]) and index. | ||
| 650 | 0 |
_aReality. _913908 |
|
| 650 | 0 |
_aPhysics _xPhilosophy. _913909 |
|
| 650 | 0 |
_aLife. _913910 |
|
| 650 | 0 |
_aCosmology. _913911 |
|
| 906 |
_a7 _bcbc _corignew _d1 _eocip _f19 _gy-gencatlg |
||
| 942 |
_2lcc _cMONOGRAPH |
||
| 999 |
_c121651 _d121651 |
||